Velocidade Reduzida - Statistics

Estatísticas Gerais
  • Esse quiz foi jogado 159 vezes
  • A pontuação média é 5 de 15
Estatísticas das Respostas
Hint Resposta % Correto
2 Preparação padrão
100%
1 Marcar ponto de referencia
75%
4 Curva de pequena com 45 graus de variação pra qualquer lado
63%
3 100kt +-17Pol
50%
5 Reverter para referencia inicial
50%
7 trem embaixo
50%
6 Reduzir potencia até soar a buzina
38%
10 Curva para lado oposto da primeira
25%
8 ligar taxi
25%
11 flap 30 e 15Pol
13%
15 100kt 20Pol
0%
12 70kt+-23 pol
0%
9 80 kt 20Pol
0%
14 Arremetida no ar
0%
13 curvar para o lado da primeira
0%
Nenhum quiz correspondente encontrado
Distribuição das Pontuações
Porcentagem de Pessoas com Cada Pontuação
Percentil de Números Respondidos
Sua Pontuação Histórica
Você não jogou esse quiz